000 00629aab a2200193 4500
001 768714001
003 CO-MdFUSB
005 20250820160205.0
008 250820t1997 ag u|||| |||| 00| 0 spa d
040 _bspa
_cCO-MdFUSB
041 _aspa
100 1 _aLenz César, Elben M.
_eautor
245 1 0 _aPlenitud de la Salvación
_c/ Elben M. Lenz César
300 _aVolumen 16, número 3 (julio - septiembre, 1997), Páginas 30
_c; 27 cm
650 0 _aSalvación
_948
773 0 _tIglesia y Misión
_049402
_959636
_gVolumen 16, número 3 (julio - septiembre, 1997), Páginas 30
_qPáginas 30
942 _cANA
945 _aJTF-925
999 _c52269
_d52269